First Name of Pop Quartets - Statistics

General Stats
  • This quiz has been taken 28 times
  • The average score is 13 of 20
Answer Stats
Group First Name Surname % Correct
Queen Freddie Mercury
100%
The Beatles John Lennon
96%
John Deacon
96%
Brian May
93%
Paul McCartney
93%
Ringo Starr
93%
George Harrison
89%
Benny Andersson
75%
Davy Jones
71%
Björn Ulvaeus
68%
Roger Taylor
68%
ABBA Agnetha Fältskog
57%
The Monkees Micky Dolenz
57%
Peter Tork
57%
Anni-Frid Lyngstad
54%
Michael Nesmith
46%
Perrie Edwards
43%
Leigh-Anne Pinnock
36%
Jesy Nelson
21%
Little Mix Jade Thirlwall
14%
No matching quizzes found
Score Distribution
Percent of People with Each Score
Percentile by Number Answered
Your Score History
You have not taken this quiz